000 01632nam a22002897a 4500
001 7601
003 FISKH
005 20250725150404.0
008 250725b cb ||||| |||| 00| 0 eng d
040 _aFISKH
_beng
_cFISKH
_dFISKH
050 _aPR6005.H66 S4
082 _a823.912
100 _aChristie, Agatha
245 _aThe secret of chimneys /
_cby Agatha Christie
260 _aPhnom Penh :
_bFootprints International School ,
_c2025 .
300 _a290 pages :
_billustrations ;
_c21 cm .
490 _aSuperintendent Battle
_v1
505 _aR
520 _aMarking the first appearance of Agatha Christie's character Inspector Battle, The Secret of Chimneys was first published in 1925 and went on to be a hit among readers. This mystery novel follows Anthony Cade, a man who unknowingly finds himself in the middle of an international conspiracy and a murder investigation after accepting a simple delivery job from an old friend. As Cade slowly begins to realize his predicament has potentially put him in danger, he begins his own investigation into the strange series of events just as Inspector Battle of Scotland Yard begins the main, official investigation. As more and more clues begin to pop up-along with even more mysteries-Inspector Battle and Anthony Cade search diligently for the true murderer and uncover the answers to multiple conundrums that plague the characters within the novel.
521 8 _a700
_bLexile
521 8 _aR
_bRaz-Plus
650 _aDetective
_vFiction
650 _aCrime
_vFiction
650 _aMystery
_vFiction
942 _2ddc
_cBK
_n0
999 _c7601
_d7601